| 000 | 00827nam a2200253 a 4500 | ||
|---|---|---|---|
| 001 | 13143 | ||
| 003 | BD-JhCC | ||
| 005 | 20230713085129.0 | ||
| 008 | 221019s20102019bg a|||| ||a| 000 0 ben d | ||
| 020 | _a9789848858929 | ||
| 035 | _a(BD-JhCC)13143 | ||
| 040 |
_aBD-JhCC _dBD-JhCC |
||
| 041 | _aBengali | ||
| 082 |
_bCHO 2019 _a610.711 |
||
| 100 | _aচেীধরী, শুভাগত | ||
| 245 |
_aচিকিৎসা বিজ্ঞানে আবিষ্কারের কাহিনী / _cশুভাগত চেীধরী। |
||
| 260 |
_aঢাকা : _bমুক্তাধারা; _c2019. |
||
| 300 |
_a88 p. : _c20 cm. |
||
| 650 | _aMedical sciences--Study and teaching (Higher) | ||
| 650 | _aInvention | ||
| 700 | _a হারিরি, রাফিক | ||
| 942 |
_2ddc _cBK |
||
| 999 |
_c13143 _d13143 |
||